| 000 | 00791nam a2200217 a 4500 | ||
|---|---|---|---|
| 001 | 000008901 | ||
| 005 | 20250307073708.0 | ||
| 008 | 090921s1954 mx r 001 0 spa d | ||
| 040 |
_aDO-SdBNP _bspa _cBNPHU |
||
| 082 |
_axxxx _bH519c, 1954 |
||
| 100 | 1 |
_aHenríquez Ureña, Pedro, _d1884-1946 _91718 |
|
| 245 | 1 | 4 |
_aLas corrientes literarias en la América Hispánica / _cPedro Henríquez Ureña ; traducción Joaquín Díaz Canedo. |
| 250 | _a2a. ed. | ||
| 260 |
_aMéxico : _bFondo de Cultura Económica, _c1954. |
||
| 300 |
_a340 p. ; _c22 cm. |
||
| 490 | 1 | _aLiteratura moderna pensamiento y acción | |
| 500 | _aIncluye índice | ||
| 504 | _aBibliografía : p. 275 -299 | ||
| 700 | 1 |
_aDíaz Canedo, Joaquín, _etr. _923467 |
|
| 830 | 0 |
_aLiteratura moderna pensamiento y acción _923468 |
|
| 999 |
_c8670 _d8670 |
||